| 000 | 00610nam a2200193 a 4500 | ||
|---|---|---|---|
| 005 | 20210219160514.0 | ||
| 008 | 081109s1979 mx r 000 0 spa d | ||
| 035 | _aUPN01000167054 | ||
| 049 | _aUNE | ||
| 080 | _aOC 016:07: 5:6 (100)=20 1979COR No. 12 | ||
| 245 | 0 | 0 | _aCore list of journals in the life sciences (pilot version) |
| 260 |
_aParis : _bUNESCO, _c1979. |
||
| 300 | _a274 p. | ||
| 440 | 0 | _aPGI-79/WS/12 | |
| 690 | _aBibliografias- Periodicos cientificos | ||
| 710 | 2 | _aPrograma General de Información y UNISIST | |
| 710 | 2 | _aConsejo Internacional de Uniones CientÃficas | |
| 905 | _aUNESCO | ||
| 999 |
_c139165 _d139165 |
||